Tramway de Montpellier : Les stations desservies par plusieurs lignes - Statistiques

Statistiques générales
  • Ce quiz a été pris 18 fois
  • Le résultat moyen est 11 sur 19
Statistiques - réponses
Réponse % Correct
Gare Saint-Roch
94%
Corum
76%
Comédie
71%
Observatoire
71%
Rives du Lez
71%
Gambetta
65%
Louis Blanc - Place de la Dance
65%
Peyrou - Arc de Triomphe
65%
Boutonnet - Cité des Arts
59%
Nouveau Saint-Roch
59%
Saint-Guilhem - Courreau
59%
Moularès - Hôtel de Ville
53%
Place de l'Europe
53%
Port Marianne
53%
Rondelet
53%
Stade Philippidès
53%
Albert 1er - Saint-Charles
47%
Albert 1er - Cathédrale
41%
Gare Saint-Roch - République
35%
Aucun quiz correspondant
Distribution des résultats
% des personnes avec chaque résultat
Percentile par nombre de réponses
Votre historique - résultats
Vous n’avez pas pris ce quiz